000 01767nam0a22003371 4500
001 rc\3731902
005 20260407150933.0
021 _aRU
_b[73-56869]
035 _a(NLR Aleph) 007866165
090 _a7827983
_c7827983
100 _a20130115d1973 |||y0rusy50 ca
101 0 _arus
102 _aRU
105 _aa z |||||
200 1 _aСовершенствование ассортимента и повышение качества тканей плащевого назначения
_e[Обзор]
_fМ-во легкой пром-сти СССР. Центр. науч.-исслед. ин-т информации и техн.-экон. исследований легкой пром-сти
210 _aМосква
_c[ЦНИИТЭИлегпром]
_d1973
215 _a79 с.
_cил.
_d21
300 _aНа обороте тит. л. сост.: И.С. Галык, канд. техн. наук Б.Д. Семак, канд. хим. наук Г.Д. Нессонова, проф., д-р хим. наук А.А. Хархаров
320 _aСписок лит.: с. 77-78 (26 назв.)
606 _aТкани (текстил.) плащевые
_xАссортимент
_2psbo
606 _aТкани (текстил.) плащевые
_xКачество
_2psbo
702 1 _aНессонова
_bГ.Д.
_4220
702 1 _aХархаров
_bА.А.
_4220
702 1 _aСемак
_bБ.Д.
_4220
702 1 _aГалык
_bИ.С.
_4220
712 0 2 _aЦентральный институт научно-технической информации легкой промышленности
_cМосква
_3RU\NLR\AUTH\8810025847
_9549925
801 0 _aRU
_bNLR
_gpsbo
801 1 _aRU
_bELAR
_2rusmarc
852 _aNLR
_j73-6/5982
942 _cBOOK
980 _aNB